A plan of the several coal-staiths at Darwent haugh in the county of Durham belonging to the Right Honourable Lord Viscount Windsor and others (Record no. 116877)

MARC details
000 -LEADER
fixed length control field 00810cfm a22002055a 4500
001 - CONTROL NUMBER
control field L140418
008 - FIXED-LENGTH DATA ELEMENTS--GENERAL INFORMATION
fixed length control field 070921s1750 xxk a 0 h eng u
035 ## - SYSTEM CONTROL NUMBER
System control number (Sirsi) u140418
041 0# - LANGUAGE CODE
Language code of text/sound track or separate title eng
100 1# - MAIN ENTRY--PERSONAL NAME
Personal name Thompson, Isaac
245 02 - TITLE STATEMENT
Title A plan of the several coal-staiths at Darwent haugh in the county of Durham belonging to the Right Honourable Lord Viscount Windsor and others
Remainder of title survey'd and plan'd by Isaac Thompson of Newcastle 1750
Medium [cartographic material]
255 ## - CARTOGRAPHIC MATHEMATICAL DATA
Statement of scale Scale: 1:720
260 ## - PUBLICATION, DISTRIBUTION, ETC.
Date of publication, distribution, etc. 1750
300 ## - PHYSICAL DESCRIPTION
Extent 1 ms. map
Other physical details vellum, col.
Dimensions 66 x 71 cm.
500 ## - GENERAL NOTE
General note Manuscript map with hand colouring.
500 ## - GENERAL NOTE
General note Includes a vignette of Lord Windsor's staith.
651 4# - SUBJECT ADDED ENTRY--GEOGRAPHIC NAME
Geographic name Durham
690 ## - LOCAL SUBJECT ADDED ENTRY--TOPICAL TERM (OCLC, RLIN)
Topical term or geographic name as entry element ENVIRONMENTAL AND LAND CONSULTANCY-GEOMATICS-MAPPING AND POSITIONING-CARTOGRAPHY
942 ## - ADDED ENTRY ELEMENTS (KOHA)
Suppress in OPAC 0
Holdings
Withdrawn status Lost status Source of classification or shelving scheme Damaged status Not for loan Home library Current library Shelving location Date acquired Total Checkouts Full call number Barcode Date last seen Copy number Price effective from Koha item type
    Dewey Decimal Classification     Historic collection Historic collection Safe 21/09/2007   MAP & PLAN BOX L1 140418-2001 26/11/2025 1 06/08/2019 Archive